Statistics for Countries In The Amazon Rainforest

Click here to take the quiz!

General Stats

  • This quiz has been taken 33 times
  • The average score is 9 of 9

Answer Stats

%Country% Correct
58.4%Brazil
100%
3.1%Guyana
100%
6.1%Venezuela
100%
7.1%Colombia
97%
12.8%Peru
97%
2.5%Suriname
97%
7.7%Bolivia
93%
1.0%Ecuador
90%
1.4%France
87%

Score Distribution

Percentile by Number Answered

Percent of People with Each Score

Your Score History

You have not taken this quiz